Fan-e-Sahafat فن صحا فت (Urdu) / (Record no. 188126)

000 -LEADER
fixed length control field 00424 a2200157 4500
003 - CONTROL NUMBER IDENTIFIER
control field NUST
005 - DATE AND TIME OF LATEST TRANSACTION
control field 20230210104019.0
040 ## - CATALOGING SOURCE
Transcribing agency Nust
082 ## - DEWEY DECIMAL CLASSIFICATION NUMBER
Classification number 070,KHO
100 ## - MAIN ENTRY--PERSONAL NAME
Personal name Khursheed, Abdul Salam
9 (RLIN) 108872
245 ## - TITLE STATEMENT
Title Fan-e-Sahafat فن صحا فت (Urdu) /
Statement of responsibility, etc. Dr. Abdul Salam Khursheed
260 ## - PUBLICATION, DISTRIBUTION, ETC.
Place of publication, distribution, etc. Lahore
Name of publisher, distributor, etc. Mukitaba Karwan
Date of publication, distribution, etc. 2008
300 ## - PHYSICAL DESCRIPTION
Extent 342:p.
650 ## - SUBJECT ADDED ENTRY--TOPICAL TERM
Topical term or geographic name entry element Journlism (Urdu)
9 (RLIN) 108873
942 ## - ADDED ENTRY ELEMENTS (KOHA)
Source of classification or shelving scheme
Koha item type Book
Call number prefix 070,KHU
Holdings
Withdrawn status Lost status Source of classification or shelving scheme Damaged status Not for loan Permanent Location Current Location Shelving location Date acquired Full call number Barcode Date last seen Price effective from Koha item type Public note
          Military College of Signals (MCS) Military College of Signals (MCS) General Stacks 12/12/2016 070,KHU MCS34461 12/08/2016 12/12/2016 Book Almirah No.63, Shelf No.1
© 2023 Central Library, National University of Sciences and Technology. All Rights Reserved.